000 00391 a2200121 4500
001 ART_2260
005 20260410161724.0
008 260409a
245 1 0 _aLa administración de negocios en las últimas dos décadas
100 1 _aSerra, Roberto
700 1 _aHermida, Jorge Alfredo
773 0 _tAdministración de empresas
_g- Año XVII, Nº 200 (nov. 1986)
_wREV2036
999 _c17233
_d17233